Österreichischer Amtskalender (Record no. 6355)

MARC details
000 -LEADER
fixed length control field 00481nas a22001937i 4500
001 - CONTROL NUMBER
control field 7461
003 - CONTROL NUMBER IDENTIFIER
control field OSt
005 - DATE AND TIME OF LATEST TRANSACTION
control field 20181114183407.0
007 - PHYSICAL DESCRIPTION FIXED FIELD--GENERAL INFORMATION
fixed length control field tu
008 - FIXED-LENGTH DATA ELEMENTS--GENERAL INFORMATION
fixed length control field 161220c19229999a ar|p| |||| 00| 0 ger d
024 7# - OTHER STANDARD IDENTIFIER
Standard number or code 7461
Source of number or code RID
024 7# - OTHER STANDARD IDENTIFIER
Standard number or code 7461
Source of number or code RSN (alt)
040 ## - CATALOGING SOURCE
Transcribing agency OSt
245 00 - TITLE STATEMENT
Title Österreichischer Amtskalender
Remainder of title zusammengestellt aus amtlichen und offiziellen Quellen
260 ## - PUBLICATION, DISTRIBUTION, ETC.
Place of publication, distribution, etc. Wien :
Name of publisher, distributor, etc. Verlag Österreich GmbH.
300 ## - PHYSICAL DESCRIPTION
Dimensions 30cm
Accompanying material CD
651 ## - SUBJECT ADDED ENTRY--GEOGRAPHIC NAME
Geographic name Austria
942 ## - ADDED ENTRY ELEMENTS (KOHA)
Koha item type Periodical
Holdings
Withdrawn status Lost status Damaged status Not for loan Home library Current library Shelving location Date acquired Serial Enumeration / chronology Inventory number Total Checkouts Full call number Barcode Date last seen Price effective from Koha item type
        WIIW WIIW Library 08/30/2006 2006-2007 7461   2.014/2006-2007 10003345 01/26/2017 01/26/2017 Periodical
        WIIW WIIW Library 08/30/2006 2002-2003 7461   2.014/2002-2003 10005144 01/26/2017 01/26/2017 Periodical
        WIIW WIIW Library 08/30/2006 2003-2004 7461   2.014/2003-2004 10005145 01/26/2017 01/26/2017 Periodical
        WIIW WIIW Library 08/30/2006 2004-2005 7461   2.014/2004-2005 10005146 01/26/2017 01/26/2017 Periodical
        WIIW WIIW Library 08/30/2006 2005-2006 7461   2.014/2005-2006 10005147 01/26/2017 01/26/2017 Periodical
The Vienna Instiute for International Economic Studies (wiiw)